000 00607cam a2200169 i 4500
005 20251214102831.0
008 250721s1996 ua gr 000 0 ara d
020 _a9772770679
082 1 4 _a216.51
_bع ب د
100 1 _aعبد الجبار، عبد الجبار أحمد
_eمؤلف.
245 1 0 _aفن التعامل مع الأزواج :
_b10 طرق تكسبين بها زوجك /
_cعبد الجبار احمد عبد الجبار.
264 3 1 _aالقاهرة :
_bدار الطلائع،
_c1996.
300 _a95صفحة.
650 1 7 _aالزواج.
942 _2ddc
_cBK
999 _c65881
_d65881